Southville International School and Colleges
Your cart is empty.
  • Cart
  • Lists
    Public lists Eva Luna New books Lux_list list_1
    Your lists Log in to create your own lists
  • Log in to your account
  • Your cookies
  • Search history
Southville International School and Colleges
  • Advanced search
  • Recent comments
  • Most popular
  • Libraries

Log in to your account

Log in with GOOGLE


If you do not have an external account, but do have a local account, you can still log in:

  1. Home
  2. MARC view: Special educational needs :
Normal view MARC view ISBD view

Special educational needs : (Record no. 22148)

[ view plain ]
MARC details
000 -LEADER
fixed length control field 00673nam a2200217 a 4500
005 - DATE AND TIME OF LATEST TRANSACTION
control field 20140310183353.0
008 - FIXED-LENGTH DATA ELEMENTS--GENERAL INFORMATION
fixed length control field 120914s19uu xx 00 eng d
020 ## - INTERNATIONAL STANDARD BOOK NUMBER
International Standard Book Number 9780857021632
050 ## - LIBRARY OF CONGRESS CALL NUMBER
Classification number LC 4704
Item number .Sp635 2012
100 ## - MAIN ENTRY--PERSONAL NAME
Personal name Peer, Lindsay
245 ## - TITLE STATEMENT
Title Special educational needs :
Remainder of title a guide for inclusive practice /
Statement of responsibility, etc edited by Lindsay Peer, Gavin Reid.
260 ## - PUBLICATION, DISTRIBUTION, ETC. (IMPRINT)
Place of publication, distribution, etc London :
Name of publisher, distributor, etc SAGE,
Date of publication, distribution, etc 2012.
300 ## - PHYSICAL DESCRIPTION
Extent 308 p. :
Dimensions 28 cm.
500 ## - GENERAL NOTE
General note Includes bibliographical references and index.
521 ## - TARGET AUDIENCE NOTE
Target audience note
650 ## - SUBJECT ADDED ENTRY--TOPICAL TERM
Topical term or geographic name as entry element Special education
650 ## - SUBJECT ADDED ENTRY--TOPICAL TERM
Topical term or geographic name as entry element Children with disabilities
General subdivision Education
700 ## - ADDED ENTRY--PERSONAL NAME
Personal name Reid, Gavin
942 ## - ADDED ENTRY ELEMENTS (KOHA)
Koha item type Books
Source of classification or shelving scheme Library of Congress Classification
Call number prefix Foreign
Holdings
Withdrawn status Lost status Source of classification or shelving scheme Damaged status Home library Current library Shelving location Date acquired Source of acquisition Cost, normal purchase price Total Checkouts Full call number Barcode Date last seen Copy number Price effective from Koha item type
    Library of Congress Classification   College Library College Library Reserve Section 09/14/2012   3670.00   LC 4704 .Sp635 2012 C15766 05/15/2018 1 10/10/2013 Books

Special educational needs :

APA

Peer L., Reid G., . (2012). Special educational needs. London: SAGE.

Chicago

Peer Lindsay, Reid Gavin, . 2012. Special educational needs. London: SAGE.

Harvard

Peer L., Reid G., . (2012). Special educational needs. London: SAGE.

MLA

Peer Lindsay, Reid Gavin, . Special educational needs. London: SAGE. 2012.

  • Place hold
  • Print
  • Cite
  • Add to your cart (remove)
  • Save record
    BIBTEX Dublin Core MARCXML MARC (non-Unicode/MARC-8) MARC (Unicode/UTF-8) MARC (Unicode/UTF-8, Standard) MODS (XML) RIS
  • More searches
    Search for this title in:
    Other Libraries (WorldCat) Other Databases (Google Scholar) Online Stores (Bookfinder.com) Open Library (openlibrary.org)

Exporting to Dublin Core...

SOUTHVILLE LIBRARY

Southville International School and Colleges Library

1281 Tropical Ave. Cor. Luxembourg St., BF Homes International, Las Pinas City

Tel. No. 8256374 / 252358 Loc. 117/146

Powered by Koha